[Event "GER-ch U10"]
[Site "Magdeburg"]
[Date "2014.06.12"]
[Round "8"]
[White "Pflugradt, Natalie"]
[Black "Oyunbat, Oyunchimeg"]
[Result "1-0"]
[WhiteElo "1127"]
[BlackElo "1043"]
[PlyCount "111"]
[EventDate "2014.06.08"]
[EventType "swiss"]
[EventRounds "11"]
[EventCountry "GER"]
[SourceTitle "CBM 160 Extra"]
[Source "ChessBase"]
[SourceDate "2014.07.01"]
[SourceVersion "1"]
[SourceVersionDate "2014.07.01"]
[SourceQuality "1"]

1. e4 e5 2. Nf3 Nc6 3. Bc4 Bc5 4. c3 Nf6 5. d4 exd4 6. cxd4 Bb4+ 7. Bd2 Bxd2+ 8. Nbxd2 d5 9. exd5 Nxd5 10. Qb3 Nce7 11. 0-0 0-0 12. Rfe1 c6 13. Rad1 Bf5 14. Qxb7 Qa5 15. Qb3 Rab8 16. Qa3 Qxa3 17. bxa3 Rfe8 18. h3 Nf4 19. Ne5 Rf8 20. Ndf3 h6 21. Nh4 Be6 22. Bxe6 fxe6 23. Re3 Rf6 24. Nd7 Rbf8 25. Nxf8 Rxf8 26. Nf3 Nfd5 27. Rxe6 Rf6 28. Rxf6 Nxf6 29. Ne5 Ne4 30. Nd3 Nc3 31. Re1 Ng6 32. Ne5 Nxe5 33. Rxe5 Nxa2 34. Rc5 Kf8 35. Rxc6 a5 36. d5 Ke8 37. d6 a4 38. Rc2 Kd7 39. Rxa2 Kxd6 40. Rd2+ Kc5 41. Kf1 Kc4 42. Ke2 Kb3 43. Rd3+ Kc4 44. f4 Kc5 45. g4 Kb5 46. h4 Kc4 47. g5 h5 48. f5 Kb5 49. f6 g6 50. f7 Ka5 51. f8Q Kb6 52. Qc8 Ka5 53. Kd2 Kb6 54. Rd6+ Kb5 55. Qc6+ Ka5 56. Qa6# 1-0